Statistiques concernant Pays d'Europe en une minute

Cliquez ici pour prendre le quiz!

Statistiques générales

  • Ce quiz a été pris 99,409 fois
  • Le résultat moyen est 21 sur 45

Statistiques - réponses

Pays % Correct
France
98%
Espagne
92%
Allemagne
86%
Portugal
86%
Italie
86%
Irlande
80%
Royaume-
Uni
80%
Suède
80%
Norvège
76%
Belgique
75%
Islande
72%
Finlande
71%
Suisse
67%
Russie
62%
Pays-Bas
59%
Pologne
57%
Danemark
51%
Grèce
50%
Estonie
49%
Luxembourg
48%
Lettonie
47%
Lituanie
46%
Autriche
43%
Ukraine
42%
Andorre
40%
Monaco
39%
Roumanie
36%
Vatican
33%
Croatie
31%
Biélorussie
31%
Hongrie
29%
Malte
28%
Bulgarie
26%
Serbie
25%
Slovaquie
25%
Slovénie
24%
Albanie
24%
Saint-Marin
23%
République
tchèque
22%
Liechtenstein
19%
Bosnie-
Herzégovine
19%
Moldavie
18%
Kosovo
18%
Macédoine
du Nord
17%
Monténégro
15%

Distribution des résultats

Percentile par nombre de réponses

% des personnes avec chaque résultat

Votre développement - résultats

Vous n’avez pas pris ce quiz